000
nam a22 7a 4500
999
_c
53727
_d
53727
003
OSt
005
20220725160055.0
008
220725b xxu||||| |||| 00| 0 eng d
040
_c
IIMT UNIVERSITY MEERUT
100
_a
THAREJA, R
245
_a
DATA STRUCTURE USING C -IInd
260
_b
OXFORD
300
_a
531
942
_2
ddc
_c
09